[Event "4NCL Division 2d"]
[Site "Birmingham, ENG"]
[Date "2016.04.30"]
[Round "9.26"]
[White "Pickard, Charles"]
[Black "Friedgood, David"]
[Result "1/2-1/2"]
[WhiteElo "2130"]
[BlackElo "2230"]
[PlyCount "82"]
[EventDate "2016.04.30"]
[WhiteTeam "Cambridge University 2"]
[BlackTeam "MK Phoenix 1"]

1. Nf3 Nf6 2. c4 g6 3. g3 Bg7 4. Bg2 O-O 5. O-O d6 6. Nc3 c6 7. d4 a6 8. Ne1
Nbd7 9. Nd3 e5 10. d5 c5 11. e4 Ne8 12. Be3 Rb8 13. a4 b6 14. Qd2 Nc7 15. b4 f5
16. f3 a5 17. bxa5 bxa5 18. Nb5 fxe4 19. fxe4 Rxf1+ 20. Rxf1 Nb6 21. Bg5 Qd7
22. Qxa5 Nxb5 23. Qxb5 Qxb5 24. cxb5 Nxa4 25. Be7 c4 26. Bxd6 Rb6 27. Nxe5 Rxd6
28. Nxc4 Rd8 29. e5 Bd7 30. b6 Bb5 31. Ra1 Bxc4 32. Rxa4 Bxd5 33. Rd4 Bxe5 34.
Bxd5+ Kf8 35. Rd3 Bb8 36. Kg2 Rd6 37. b7 Ke7 38. Kh3 Kf6 39. Kh4 Ke5 40. Bc4
Rxd3 41. Bxd3 Kf6 1/2-1/2

[Event "4NCL Division 2d"]
[Site "Birmingham, ENG"]
[Date "2016.04.30"]
[Round "9.27"]
[White "Ross, Chris N"]
[Black "Lee, Richard W Y"]
[Result "1-0"]
[WhiteElo "2194"]
[BlackElo "2165"]
[PlyCount "65"]
[EventDate "2016.04.30"]
[WhiteTeam "MK Phoenix 1"]
[BlackTeam "Cambridge University 2"]

1. e4 e6 2. e5 d6 3. exd6 Bxd6 4. d4 Nf6 5. Nf3 O-O 6. Bd3 b6 7. O-O Bb7 8.
Nbd2 c5 9. dxc5 Bxc5 10. Nc4 Qc7 11. Qe2 Nc6 12. c3 b5 13. Ncd2 a6 14. Ne4 Be7
15. Nxf6+ Bxf6 16. Ng5 g6 17. Ne4 Bg7 18. Bg5 f6 19. Be3 Ne5 20. Nc5 Nxd3 21.
Nxb7 Qxb7 22. Qxd3 Rfd8 23. Qc2 Rd5 24. a4 f5 25. Rfd1 Rad8 26. axb5 axb5 27.
Qb3 Qc6 28. Rxd5 Qxd5 29. Qxd5 Rxd5 30. Kf1 Kf7 31. Ra7+ Kf6 32. f4 e5 33.
fxe5+ 1-0

[Event "4NCL Division 2d"]
[Site "Birmingham, ENG"]
[Date "2016.04.30"]
[Round "9.28"]
[White "Spencer, Carl J"]
[Black "Grieve, Harry"]
[Result "1-0"]
[WhiteElo "2106"]
[BlackElo "2102"]
[PlyCount "81"]
[EventDate "2016.04.30"]
[WhiteTeam "Cambridge University 2"]
[BlackTeam "MK Phoenix 1"]

1. e4 d5 2. exd5 Qxd5 3. Nc3 Qd8 4. d4 Nf6 5. Nf3 Bg4 6. Be2 e6 7. O-O c6 8.
Be3 Nbd7 9. h3 Bf5 10. Nh4 Bg6 11. Nxg6 hxg6 12. Re1 Bd6 13. Qd2 Nb6 14. Bg5
Qc7 15. Bf3 Nfd5 16. Ne4 Bf4 17. Bxf4 Nxf4 18. c4 Nxc4 19. Qb4 Nb6 20. Nd6+ Kd8
21. Qa3 Nc8 22. Nc4 Nd5 23. Rac1 Ncb6 24. Ne5 Qe7 25. Qb3 Rc8 26. a4 Rc7 27. a5
Nd7 28. Nd3 Qf6 29. a6 Qxd4 30. axb7 Qb6 31. Qa3 Rxb7 32. Bxd5 cxd5 33. Qc3 Rh7
34. Qc8+ Ke7 35. Nf4 Nf6 36. Rc6 Rb8 37. Rexe6+ fxe6 38. Nxg6+ Kf7 39. Ne5+ Ke7
40. Qxe6+ Kd8 41. Nf7# 1-0

[Event "4NCL Division 2d"]
[Site "Birmingham, ENG"]
[Date "2016.04.30"]
[Round "9.29"]
[White "Fraser-Mitchell, Jeremy N"]
[Black "Chevannes, Sabrina L"]
[Result "1/2-1/2"]
[WhiteElo "2059"]
[BlackElo "2086"]
[PlyCount "81"]
[EventDate "2016.04.30"]
[WhiteTeam "MK Phoenix 1"]
[BlackTeam "Cambridge University 2"]

1. d4 d5 2. e4 c6 3. Nc3 g6 4. Be3 Bg7 5. Qd2 e6 6. O-O-O Nd7 7. Nf3 h5 8. h3
dxe4 9. Nxe4 Ndf6 10. Nc3 Nd5 11. Nxd5 Qxd5 12. c4 Qd8 13. Bd3 Ne7 14. g4 b5
15. gxh5 Rxh5 16. h4 bxc4 17. Bxc4 Nd5 18. Bg5 Qb6 19. Rhe1 a5 20. Qc2 Rb8 21.
Ne5 Nb4 22. Qe2 Bxe5 23. dxe5 Nd5 24. Qd2 Ba6 25. Bxa6 Qxa6 26. Qd4 Rb4 27. Qd3
Qxd3 28. Rxd3 Kd7 29. a3 Rb7 30. Re4 Rh8 31. Ra4 Rhb8 32. Rd2 Rb5 33. Rc4 Rb3
34. Rc5 R8b5 35. Rxb5 Rxb5 36. Kc2 Ke8 37. Rd3 Nc7 38. Bf6 Nd5 39. Bg5 Ne7 40.
Bf6 Nd5 41. Bg5 1/2-1/2

[Event "4NCL Division 2d"]
[Site "Birmingham, ENG"]
[Date "2016.04.30"]
[Round "9.30"]
[White "Somerfield, Adrian P"]
[Black "Brown, Alan M"]
[Result "1/2-1/2"]
[WhiteElo "2083"]
[BlackElo "2039"]
[PlyCount "55"]
[EventDate "2016.04.30"]
[WhiteTeam "Cambridge University 2"]
[BlackTeam "MK Phoenix 1"]

1. e4 e5 2. Nf3 Nc6 3. Bc4 Bc5 4. c3 Qe7 5. d3 Nf6 6. Bb3 d6 7. h3 h6 8. Nbd2
Bd7 9. Nf1 Nd8 10. Ne3 Bxe3 11. Bxe3 Be6 12. Bc2 Nc6 13. a4 O-O 14. O-O d5 15.
Qe1 dxe4 16. dxe4 Bc4 17. b3 Rfd8 18. Qb1 Be6 19. b4 Bc4 20. Bc5 Qe6 21. Ra3
Rd7 22. a5 a6 23. Ra1 Rad8 24. Qb2 Ne7 25. Ba4 Rd3 26. Bc2 R3d7 27. Ba4 Rd3 28.
Bc2 1/2-1/2

[Event "4NCL Division 2d"]
[Site "Birmingham, ENG"]
[Date "2016.04.30"]
[Round "9.31"]
[White "Habershon, Paul F"]
[Black "Brau, Julio"]
[Result "1/2-1/2"]
[WhiteElo "2036"]
[BlackElo "2042"]
[PlyCount "58"]
[EventDate "2016.04.30"]
[WhiteTeam "MK Phoenix 1"]
[BlackTeam "Cambridge University 2"]

1. e4 c5 2. Nc3 Nc6 3. f4 g6 4. Nf3 Bg7 5. Bc4 d6 6. O-O e6 7. f5 exf5 8. d3
Nge7 9. Qe1 Ne5 10. Nxe5 dxe5 11. Qh4 Be6 12. Bb5+ Nc6 13. Qxd8+ Kxd8 14. Bxc6
bxc6 15. b3 f4 16. Ba3 Bf8 17. Na4 a5 18. Bxc5 Bxc5+ 19. Nxc5 Ke7 20. a4 Rab8
21. Rfb1 f5 22. Re1 Kd6 23. exf5 Bxf5 24. Ne4+ Bxe4 25. Rxe4 c5 26. Rae1 Rhe8
27. Kf2 Rb4 28. Kf3 Rxe4 29. Rxe4 h5 1/2-1/2

[Event "4NCL Division 2d"]
[Site "Birmingham, ENG"]
[Date "2016.04.30"]
[Round "9.32"]
[White "Gordon-Brown, Alexander J"]
[Black "Elwin, Adrian G"]
[Result "1-0"]
[WhiteElo "2063"]
[BlackElo "1996"]
[PlyCount "79"]
[EventDate "2016.04.30"]
[WhiteTeam "Cambridge University 2"]
[BlackTeam "MK Phoenix 1"]

1. d4 Nf6 2. c4 g6 3. Nc3 Bg7 4. e4 d6 5. f4 O-O 6. Nf3 Bg4 7. Be2 Nbd7 8. O-O
c5 9. d5 Nb6 10. h3 Bxf3 11. Rxf3 Nfd7 12. Be3 a6 13. h4 f5 14. exf5 gxf5 15.
Qc2 Qe8 16. Rg3 h6 17. a4 Rd8 18. a5 Nc8 19. Qb3 e5 20. dxe6 Qxe6 21. Qxb7 Ne7
22. Rd1 Nf6 23. Qxa6 Ng4 24. Bxc5 Bxc3 25. Bxg4 fxg4 26. Rxc3 Qe2 27. Rxd6 Rxd6
28. Qxd6 Qe1+ 29. Kh2 Qxh4+ 30. Rh3 gxh3 31. Qxe7 Qxf4+ 32. g3 Qd2+ 33. Kxh3
Rd8 34. Be3 Qd1 35. Qe6+ Kg7 36. Qxh6+ Kf7 37. Qf4+ Kg6 38. Qg4+ Kf7 39. Qxd1
Rxd1 40. a6 1-0